000 00651nam a2200217 a 4500
001 BRL_1124
005 20190320211039.0
008 141113s1977----au-ao#####---#000-0#spa-#
041 _aspa
044 _aau
050 4 _aDB16
_b.A87 1977
245 1 0 _aAustria
_bhechos y cifras
_cversión en español: Dra. Ana María Rosset-Negrín.
260 _aViena
_bServicio Federal de Prensa
_c1977
300 _a123 p.
_bil. (algunas a color)
_c20 cm.
500 _aAu1331
651 4 _aAustría
_xDescripción y viajes
_925856
651 4 _aAustría
_xHistoria
_915579
700 1 _aRosset-Negrín, Ana María
_etr.
_925857
902 _aGRL
942 _2lcc
_cB
999 _c9936
_d9936